Loading...
| Pop Culture | 1 | 0 | 0 | 0 | 15 | 66 | 66.00 | 0 | 1 | 11.02 | 15.00 |
| Social Science | 0 | 1 | 0 | 0 | 10 | 120 | 120.00 | 0 | 0 | 0.08 | 2.50 |
| Religion | 0 | 1 | 0 | 0 | 10 | 88 | 88.00 | 1 | 1 | 3.23 | 10.00 |
| Science - Other | 0 | 1 | 0 | 1 | 10 | 142 | 142.00 | 0 | 0 | 0.06 | 3.41 |
| Literature - American | 0 | 1 | 0 | 1 | 10 | 141 | 141.00 | 0 | 0 | 0.06 | 1.14 |
| Literature - World | 0 | 1 | 0 | 1 | 10 | 144 | 144.00 | 0 | 0 | 0.06 | 2.27 |
| Philosophy | 0 | 0 | 0 | 0 | 0 | 0.00 | 0 | 0 | 0.00 | 0.00 | |
| History - Other | 0 | 0 | 0 | 0 | 0 | 0.00 | 0 | 0 | 0.00 | 0.00 | |
| Literature - British | 0 | 0 | 0 | 0 | 0 | 0.00 | 0 | 0 | 0.00 | 0.00 | |
| Literature - European | 0 | 0 | 0 | 0 | 0 | 0.00 | 0 | 0 | 0.00 | 0.00 | |
| Science - Physics | 0 | 1 | 2 | 0 | 0 | 109 | 109.00 | 0 | 0 | 0.62 | 3.41 |
| Fine Arts - Auditory | 0 | 0 | 1 | 0 | -5 | 0.00 | 0 | 0 | 0.00 | 0.00 | |
| Science - Biology | 0 | 0 | 1 | 0 | -5 | 0.00 | 0 | 0 | 0.00 | 0.00 |